عرض عادي عرض مارك
  • الركبة

مدخل مصطلح موضوعي

عدد التسجيلات المستخدمة في: 1

001 - رقم الضبط

  • حقل الضبط: 109174

003 - معرف رقم الضبط

  • حقل الضبط: OSt

005 - تاريخ ووقت أخر عملية

  • حقل الضبط: 20221030134012.0

008 - عناصر بيانات ثابتة الطول

  • حقل تحكم ثابت الطول: 221030|| aca||aabn | a|a d

040 ## - مصدر الفهرسة

  • هيئة الفهرسة الأصلية: OSt
  • وكالة الكتابة: OSt

150 ## - مدخل-- مصطلح تاريخي

  • عنصر مدخل المصطلح الموضوعي او الاسم الجغرافي: الركبة

670 ## - بيانات المصدر موجوده

  • الاستشهاد بالمصدر: Work cat.: (OSt): مدخلي، محمد 109173, العلاقة بين الخوف من عودة الإصابة والأداء الوظيفي بعد ترميم الرباط الصليبي الأمامي /, 2021